| 000 | 00426cam a2200169ua 4500 | ||
|---|---|---|---|
| 020 | _c9.00 | ||
| 041 |
_amal _h |
||
| 082 |
_a894.812301 _bPOT/BA |
||
| 100 | _aPottekatt, S.K . | ||
| 245 |
_aBalidweep / _cS.K.Pottekkatt. _hTextual Documents |
||
| 260 |
_aKottayam : _bSahitya Pravarthaka Co-operative Society , _c1958. |
||
| 300 | _a211 ; . | ||
| 365 | _a9.00 | ||
| 504 | _a | ||
| 942 | _cBK | ||
| 999 |
_c12017 _d12017 |
||